[Event "European Online Club-ch-B 2021"]
[Site "Online"]
[Date "2021.03.27"]
[Round "4.10"]
[White "Parkhov, Yair"]
[Black "Mathieu, Phileas"]
[Result "1-0"]
[WhiteElo "2407"]
[BlackElo "2240"]
[Annotator "NA"]
[PlyCount "161"]
[EventDate "2021.03.27"]
[EventType "team-tourn"]
[EventCountry "NET"]
[SourceTitle "playchess.com"]
[Source "ChessBase"]
[SourceQuality "1"]
[TimeControl "900+5"]

1. c4 {[%emt 0:00:00]} c5 {[%emt 0:00:10]} 2. Nf3 {[%emt 0:00:02]} Nc6 {[%emt 0:00:02]} 3. d4 {[%emt 0:00:03]} cxd4 {[%emt 0:00:08]} 4. Nxd4 {[%emt 0:00:02]} Qb6 {[%emt 0:00:02]} 5. Nc2 {[%emt 0:00:56]} e6 {[%emt 0:00:31]} 6. Nc3 {[%emt 0:00:09]} Nf6 {[%emt 0:00:07]} 7. e3 {[%emt 0:00:20]} Be7 {[%emt 0:01:01]} 8. Be2 {[%emt 0:00:02]} O-O {[%emt 0:00:02]} 9. O-O {[%emt 0:00:03]} Rd8 {[%emt 0:00:06]} 10. e4 {[%emt 0:00:20]} Nb4 {[%emt 0:01:45]} 11. Be3 {[%emt 0:00:17]} Qa5 {[%emt 0:00:06]} 12. Nd4 {[%emt 0:02:15]} Nc6 {[%emt 0:01:37]} 13. a3 {[%emt 0:00:50]} Nxd4 {[%emt 0:00:35]} 14. Qxd4 {[%emt 0:00:11]} d6 {[%emt 0:00:31]} 15. b4 {[%emt 0:01:00]} Qc7 {[%emt 0:00:03]} 16. Rac1 {[%emt 0:02:37]} Bd7 {[%emt 0:00:44]} 17. Rfd1 {[%emt 0:00:07]} a6 {[%emt 0:00:19]} 18. f3 {[%emt 0:00:26]} Rac8 {[%emt 0:00:06]} 19. g4 {[%emt 0:01:28]} h6 {[%emt 0:00:10]} 20. Kg2 {[%emt 0:00:32]} Qb8 {[%emt 0:00:18]} 21. h4 {[%emt 0:01:31]} Be8 {[%emt 0:02:37]} 22. Qd2 {[%emt 0:01:19]} Nh7 {[%emt 0:00:47]} 23. g5 {[%emt 0:00:09]} hxg5 {[%emt 0:00:02]} 24. hxg5 {[%emt 0:00:00]} f6 {[%emt 0:00:05]} 25. f4 {[%emt 0:00:59]} b5 {[%emt 0:00:46]} 26. cxb5 {[%emt 0:00:12]} axb5 {[%emt 0:00:02]} 27. Bg4 {[%emt 0:00:06]} Nf8 {[%emt 0:00:05]} 28. Rh1 {[%emt 0:00:30]} fxg5 {[%emt 0:00:15]} 29. fxg5 {[%emt 0:00:23]} Bg6 {[%emt 0:00:02]} 30. Rcf1 {[%emt 0:00:29]} Qb7 {[%emt 0:00:48]} 31. Kg1 {[%emt 0:00:09]} Qd7 {[%emt 0:01:03]} 32. Qh2 {[%emt 0:00:04]} Nh7 {[%emt 0:01:11]} 33. Qh3 {[%emt 0:00:04]} Kh8 {[%emt 0:00:33]} 34. Bxe6 {[%emt 0:00:02]} Qe8 {[%emt 0:00:07]} 35. Bxc8 {[%emt 0:00:02]} Rxc8 {[%emt 0:00:01]} 36. Nd5 {[%emt 0:00:08]} Bf8 {[%emt 0:00:26]} 37. Nf4 {[%emt 0:00:02]} Bxe4 {[%emt 0:00:27]} 38. Rh2 {[%emt 0:00:04]} Rc3 {[%emt 0:00:14]} 39. Qg3 {[%emt 0:00:11]} Kg8 {[%emt 0:00:11]} 40. g6 {[%emt 0:00:06]} Bxg6 {[%emt 0:00:03]} 41. Nxg6 {[%emt 0:00:02]} Qxe3+ {[%emt 0:00:09]} 42. Qxe3 {[%emt 0:00:07]} Rxe3 {[%emt 0:00:02]} 43. Rxh7 {[%emt 0:00:06]} Kxh7 {[%emt 0:00:03]} 44. Nxf8+ {[%emt 0:00:02]} Kg8 {[%emt 0:00:01]} 45. Nd7 {[%emt 0:00:05]} g6 {[%emt 0:00:13]} 46. Rf8+ {[%emt 0:00:05]} Kg7 {[%emt 0:00:02]} 47. Rb8 {[%emt 0:00:02]} Rxa3 {[%emt 0:00:03]} 48. Rxb5 {[%emt 0:00:02]} Kf7 {[%emt 0:00:02]} 49. Nb8 {[%emt 0:00:12]} Ke6 {[%emt 0:00:06]} 50. Nc6 {[%emt 0:00:03]} Rd3 {[%emt 0:00:12]} 51. Kf2 {[%emt 0:00:07]} Kd7 {[%emt 0:00:03]} 52. Na5 {[%emt 0:00:02]} Rc3 {[%emt 0:00:06]} 53. Ke2 {[%emt 0:00:04]} Ke6 {[%emt 0:00:03]} 54. Kd2 {[%emt 0:00:02]} Rc7 {[%emt 0:00:02]} 55. Rg5 {[%emt 0:00:04]} Kf6 {[%emt 0:00:01]} 56. Rg1 {[%emt 0:00:04]} g5 {[%emt 0:00:02]} 57. Kd3 {[%emt 0:00:11]} Kf5 {[%emt 0:00:09]} 58. Rb1 {[%emt 0:00:05]} Ra7 {[%emt 0:00:03]} 59. Nc6 {[%emt 0:00:06]} Rb7 {[%emt 0:00:04]} 60. b5 {[%emt 0:00:02]} Rb6 {[%emt 0:00:07]} 61. Kd4 {[%emt 0:00:05]} g4 {[%emt 0:00:08]} 62. Ne7+ {[%emt 0:00:05]} Ke6 {[%emt 0:00:05]} 63. Nd5 {[%emt 0:00:02]} Rb7 {[%emt 0:00:02]} 64. b6 {[%emt 0:00:01]} g3 {[%emt 0:00:04]} 65. Re1+ {[%emt 0:00:06]} Kf5 {[%emt 0:00:13]} 66. Rf1+ {[%emt 0:00:15]} Kg4 {[%emt 0:00:04]} 67. Rf4+ {[%emt 0:00:08]} Kg5 {[%emt 0:00:04]} 68. Rf8 {[%emt 0:00:03]} Kg4 {[%emt 0:00:10]} 69. Ne3+ {[%emt 0:00:05]} Kh4 {[%emt 0:00:03]} 70. Rh8+ {[%emt 0:00:07]} Kg5 {[%emt 0:00:02]} 71. Rg8+ {[%emt 0:00:01]} Kf4 {[%emt 0:00:04]} 72. Rf8+ {[%emt 0:00:06]} Kg5 {[%emt 0:00:02]} 73. Rf5+ {[%emt 0:00:02]} Kg6 {[%emt 0:00:11]} 74. Rb5 {[%emt 0:00:02]} Kf6 {[%emt 0:00:04]} 75. Kd5 {[%emt 0:00:03]} Ke7 {[%emt 0:00:10]} 76. Kc6 {[%emt 0:00:02]} Rb8 {[%emt 0:00:01]} 77. b7 {[%emt 0:00:01]} Ke6 {[%emt 0:00:01]} 78. Kc7 {[%emt 0:00:06]} Rxb7+ {[%emt 0:00:07]} 79. Kxb7 {[%emt 0:00:02]} d5 {[%emt 0:00:04]} 80. Rxd5 {[%emt 0:00:02]} g2 {[%emt 0:00:01]} 81. Rg5 {[%emt 0:00:02]} 1-0

[Event "European Online Club-ch-B 2021"]
[Site "Online"]
[Date "2021.03.27"]
[Round "4.11"]
[White "Thomas, Anysia"]
[Black "Veinberg, Nimrod"]
[Result "0-1"]
[WhiteElo "2164"]
[BlackElo "2404"]
[Annotator "NA"]
[PlyCount "72"]
[EventDate "2021.03.27"]
[EventType "team-tourn"]
[EventCountry "NET"]
[SourceTitle "playchess.com"]
[Source "ChessBase"]
[SourceQuality "1"]
[TimeControl "900+5"]

1. d4 {[%emt 0:00:00]} Nf6 {[%emt 0:00:06]} 2. c4 {[%emt 0:00:02]} e6 {[%emt 0:00:01]} 3. Nf3 {[%emt 0:00:02]} d5 {[%emt 0:00:01]} 4. g3 {[%emt 0:00:01]} Be7 {[%emt 0:00:09]} 5. Bg2 {[%emt 0:00:03]} O-O {[%emt 0:00:02]} 6. O-O {[%emt 0:00:02]} b6 {[%emt 0:00:33]} 7. Ne5 {[%emt 0:00:46]} Bb7 {[%emt 0:00:05]} 8. Nc3 {[%emt 0:00:09]} c5 {[%emt 0:00:10]} 9. cxd5 {[%emt 0:00:11]} Nxd5 {[%emt 0:00:28]} 10. Nxd5 {[%emt 0:00:23]} exd5 {[%emt 0:00:23]} 11. b3 {[%emt 0:01:23]} Nd7 {[%emt 0:00:18]} 12. Bb2 {[%emt 0:01:11]} Nxe5 {[%emt 0:00:06]} 13. dxe5 {[%emt 0:00:03]} Qd7 {[%emt 0:00:02]} 14. e3 {[%emt 0:00:13]} Rad8 {[%emt 0:00:02]} 15. Qf3 {[%emt 0:01:21]} Ba8 {[%emt 0:00:47]} 16. Qf4 {[%emt 0:01:12]} f6 {[%emt 0:00:21]} 17. exf6 {[%emt 0:01:43]} Bxf6 {[%emt 0:00:00]} 18. Bxf6 {[%emt 0:00:02]} Rxf6 {[%emt 0:00:01]} 19. Qh4 {[%emt 0:00:03]} Bb7 {[%emt 0:00:02]} 20. Rad1 {[%emt 0:00:10]} Qf7 {[%emt 0:00:03]} 21. e4 {[%emt 0:00:45]} Rf8 {[%emt 0:01:06]} 22. f4 {[%emt 0:01:29]} dxe4 {[%emt 0:00:07]} 23. Rfe1 {[%emt 0:00:13]} Re8 {[%emt 0:00:48]} 24. Qg4 {[%emt 0:01:22]} Qe6 {[%emt 0:00:21]} 25. Qh5 {[%emt 0:01:02]} Rf5 {[%emt 0:01:10]} 26. Qe2 {[%emt 0:00:24]} Rd5 {[%emt 0:00:35]} 27. Rc1 {[%emt 0:00:40]} Rd4 {[%emt 0:00:12]} 28. Qh5 {[%emt 0:00:30]} Red8 {[%emt 0:00:27]} 29. Bh3 {[%emt 0:00:10]} Qf6 {[%emt 0:00:25]} 30. Bg2 {[%emt 0:00:19]} Rd2 {[%emt 0:00:13]} 31. Rc4 {[%emt 0:00:39]} g6 {[%emt 0:00:28]} 32. Qh3 {[%emt 0:00:43]} R8d4 {[%emt 0:00:41]} 33. Rcc1 {[%emt 0:00:19]} Rxa2 {[%emt 0:00:16]} 34. Qh6 {[%emt 0:00:10]} Rxg2+ {[%emt 0:00:52]} 35. Kxg2 {[%emt 0:00:02]} e3+ {[%emt 0:00:00]} 36. Kg1 {[%emt 0:00:06]} Qc6 {[%emt 0:00:06]} 0-1

[Event "European Online Club-ch-B 2021"]
[Site "Online"]
[Date "2021.03.27"]
[Round "4.12"]
[White "Zlatin, Alexander"]
[Black "Frantz, Nicolas"]
[Result "1-0"]
[WhiteElo "2343"]
[BlackElo "2140"]
[Annotator "NA"]
[PlyCount "61"]
[EventDate "2021.03.27"]
[EventType "team-tourn"]
[EventCountry "NET"]
[SourceTitle "playchess.com"]
[Source "ChessBase"]
[SourceQuality "1"]
[TimeControl "900+5"]

1. e4 {[%emt 0:00:00]} c5 {[%emt 0:00:03]} 2. d4 {[%emt 0:00:05]} cxd4 {[%emt 0:00:02]} 3. c3 {[%emt 0:00:01]} Nf6 {[%emt 0:00:02]} 4. e5 {[%emt 0:00:01]} Nd5 {[%emt 0:00:01]} 5. cxd4 {[%emt 0:00:02]} d6 {[%emt 0:00:02]} 6. Nf3 {[%emt 0:00:01]} e6 {[%emt 0:00:02]} 7. Nc3 {[%emt 0:00:15]} Nxc3 {[%emt 0:00:02]} 8. bxc3 {[%emt 0:00:00]} Qc7 {[%emt 0:00:02]} 9. Bd2 {[%emt 0:00:11]} Nd7 {[%emt 0:00:02]} 10. Bb5 {[%emt 0:00:13]} a6 {[%emt 0:00:04]} 11. exd6 {[%emt 0:00:12]} Bxd6 {[%emt 0:00:03]} 12. Bd3 {[%emt 0:00:01]} O-O {[%emt 0:00:20]} 13. O-O {[%emt 0:00:22]} b5 {[%emt 0:00:03]} 14. a4 {[%emt 0:00:32]} bxa4 {[%emt 0:00:16]} 15. Rxa4 {[%emt 0:00:30]} Bb7 {[%emt 0:00:02]} 16. h3 {[%emt 0:00:14]} Bf4 {[%emt 0:00:33]} 17. Bxf4 {[%emt 0:00:26]} Qxf4 {[%emt 0:00:00]} 18. Bxh7+ {[%emt 0:00:47]} Kxh7 {[%emt 0:00:58]} 19. Qb1+ {[%emt 0:00:03]} Kg8 {[%emt 0:00:05]} 20. Qxb7 {[%emt 0:00:03]} Nc5 {[%emt 0:00:23]} 21. g3 {[%emt 0:01:09]} Qxg3+ {[%emt 0:03:29]} 22. fxg3 {[%emt 0:00:00]} Nxb7 {[%emt 0:00:01]} 23. Ne5 {[%emt 0:00:23]} a5 {[%emt 0:00:11]} 24. c4 {[%emt 0:00:32]} Rfd8 {[%emt 0:00:25]} 25. c5 {[%emt 0:00:35]} f6 {[%emt 0:00:13]} 26. Nf3 {[%emt 0:00:25]} e5 {[%emt 0:00:22]} 27. c6 {[%emt 0:00:05]} Nd6 {[%emt 0:00:15]} 28. dxe5 {[%emt 0:00:03]} fxe5 {[%emt 0:00:01]} 29. Nxe5 {[%emt 0:00:01]} Nb5 {[%emt 0:00:02]} 30. Ng6 {[%emt 0:00:15]} Ra7 {[%emt 0:00:26]} 31. Rh4 {[%emt 0:00:05]} 1-0

[Event "European Online Club-ch-B 2021"]
[Site "Online"]
[Date "2021.03.27"]
[Round "4.13"]
[White "Vidit, Santosh Gujrathi"]
[Black "Santos Latasa, Jaime"]
[Result "1-0"]
[WhiteElo "2726"]
[BlackElo "2608"]
[Annotator "ChessBase"]
[PlyCount "105"]
[EventDate "2021.03.27"]
[EventType "team-tourn"]
[EventCountry "NET"]
[SourceTitle "playchess.com"]
[Source "ChessBase"]
[SourceQuality "1"]
[TimeControl "900+5"]

1. d4 {[%emt 0:00:00]} Nf6 {[%emt 0:00:02]} 2. c4 {[%emt 0:00:03]} e6 {[%emt 0:00:02]} 3. Nf3 {[%emt 0:00:03]} d5 {[%emt 0:00:02]} 4. Nc3 {[%emt 0:00:03]} c5 {[%emt 0:00:04]} 5. cxd5 {[%emt 0:00:06]} cxd4 {[%emt 0:00:02]} 6. Qxd4 {[%emt 0:00:02]} exd5 {[%emt 0:00:02]} 7. Bg5 {[%emt 0:03:01]} Be7 {[%emt 0:00:03]} 8. e3 {[%emt 0:00:03]} O-O {[%emt 0:00:03]} 9. Qa4 {[%emt 0:00:05]} h6 {[%emt 0:00:30]} 10. Bh4 {[%emt 0:00:02]} Nc6 {[%emt 0:00:07]} 11. Bb5 {[%emt 0:00:57]} Bd7 {[%emt 0:00:03]} 12. O-O {[%emt 0:00:41]} a6 {[%emt 0:00:06]} 13. Bxc6 {[%emt 0:00:02]} bxc6 {[%emt 0:00:10]} 14. Ne5 {[%emt 0:00:13]} Qc7 {[%emt 0:00:04]} 15. Nxd7 {[%emt 0:00:44]} Qxd7 {[%emt 0:00:03]} 16. Rfd1 {[%emt 0:00:34]} Qb7 {[%emt 0:00:14]} 17. Rd2 {[%emt 0:02:14]} Rac8 {[%emt 0:00:08]} 18. Rad1 {[%emt 0:00:23]} Rfd8 {[%emt 0:00:05]} 19. h3 {[%emt 0:00:05]} Kf8 {[%emt 0:01:17]} 20. Bg3 {[%emt 0:00:48]} Bb4 {[%emt 0:00:32]} 21. Qb3 {[%emt 0:01:14]} Qe7 {[%emt 0:00:19]} 22. Rd4 {[%emt 0:01:06]} Bxc3 {[%emt 0:00:58]} 23. bxc3 {[%emt 0:00:03]} Ne4 {[%emt 0:00:03]} 24. Bf4 {[%emt 0:00:13]} Qf6 {[%emt 0:00:42]} 25. Qc2 {[%emt 0:00:32]} g5 {[%emt 0:01:03]} 26. Bh2 {[%emt 0:00:03]} Qe7 {[%emt 0:00:28]} 27. c4 {[%emt 0:00:29]} dxc4 {[%emt 0:00:12]} 28. Qxc4 {[%emt 0:00:48]} c5 {[%emt 0:00:05]} 29. Rd5 {[%emt 0:00:13]} Rxd5 {[%emt 0:00:43]} 30. Qxd5 {[%emt 0:01:03]} Re8 {[%emt 0:00:19]} 31. Qf5 {[%emt 0:00:47]} Kg8 {[%emt 0:00:17]} 32. Rc1 {[%emt 0:00:21]} Qd8 {[%emt 0:02:03]} 33. Rf1 {[%emt 0:00:26]} c4 {[%emt 0:00:08]} 34. h4 {[%emt 0:00:09]} c3 {[%emt 0:00:10]} 35. hxg5 {[%emt 0:00:01]} hxg5 {[%emt 0:00:18]} 36. f3 {[%emt 0:00:08]} Nd2 {[%emt 0:00:03]} 37. Re1 {[%emt 0:00:09]} Qe7 {[%emt 0:00:21]} 38. Bg3 {[%emt 0:00:08]} Nc4 {[%emt 0:00:07]} 39. Qd3 {[%emt 0:00:05]} Qb4 {[%emt 0:00:16]} 40. Rc1 {[%emt 0:00:05]} Rxe3 {[%emt 0:00:08]} 41. Qd8+ {[%emt 0:00:01]} Kh7 {[%emt 0:00:19]} 42. Qxg5 {[%emt 0:00:01]} Qb5 {[%emt 0:00:28]} 43. Qh4+ {[%emt 0:00:05]} Kg8 {[%emt 0:00:06]} 44. Qg4+ {[%emt 0:00:07]} Kh7 {[%emt 0:00:03]} 45. Qh4+ {[%emt 0:00:04]} Kg8 {[%emt 0:00:02]} 46. Bf2 {[%emt 0:00:05]} Rd3 {[%emt 0:01:51]} 47. Bd4 {[%emt 0:00:05]} Ne5 {[%emt 0:00:03]} 48. Qg5+ {[%emt 0:00:11]} Ng6 {[%emt 0:00:02]} 49. Qf6 {[%emt 0:00:04]} Kf8 {[%emt 0:00:07]} 50. Re1 {[%emt 0:00:03]} Rxd4 {[%emt 0:00:09]} 51. Qxd4 {[%emt 0:00:01]} c2 {[%emt 0:00:04]} 52. Rc1 {[%emt 0:00:06]} Qb1 {[%emt 0:00:05]} 53. Qc5+ {[%emt 0:00:01]} 1-0

[Event "European Online Club-ch-B 2021"]
[Site "Online"]
[Date "2021.03.27"]
[Round "4.14"]
[White "Admiraal, Miguoel"]
[Black "Wojtaszek, Radoslaw"]
[Result "0-1"]
[WhiteElo "2475"]
[BlackElo "2705"]
[Annotator "TA"]
[PlyCount "61"]
[EventDate "2021.03.27"]
[EventType "team-tourn"]
[EventCountry "NET"]
[SourceTitle "playchess.com"]
[Source "ChessBase"]
[SourceQuality "1"]

{[%evp 9,61,0,5,0,0,-33,-18,-38,-35,-59,-50,-59,-49,-66,-58,-58,-74,-90,-58,-88,-97,-88,-104,-79,-88,-160,-104,-175,-173,-156,-167,-143,-171,-196,-185,-312,-301,-305,-297,-273,-285,-651,-640,-1175,-1114,-1028,-890,-2410,-2335,-29979,-29980,-29989,-29990,-29996]} 1. d4 Nf6 2. Bg5 d5 3. e3 c5 4. Nd2 cxd4 5. exd4 Qb6 6. Nb3 {D00: 1 d4 d5: Unusual lines.} Nc6 7. Bxf6 gxf6 8. Nf3 {The position is equal.} Rg8 {[#]} 9. a4 $146 ({Predecessor:} 9. c3 Bf5 10. g3 O-O-O 11. Bd3 Bh3 12. Nh4 Kb8 13. Bxh7 Rh8 14. Qc2 e6 15. Bd3 {0-1 (71) Jobava,B (2703)-Vachier Lagrave,M (2783) Leuven 2017}) 9... a6 10. a5 Qc7 11. g3 Bg4 12. Be2 O-O-O 13. O-O e5 14. Re1 h5 15. Nh4 Kb8 16. c3 e4 17. Nd2 {[#]} (17. Kh1 $142) 17... Bh6 (17... Be6 $142 $1 18. Qb3 Bh6) 18. Nf1 (18. Bxg4 $17 hxg4 19. Nb3) 18... Bh3 $19 (18... Nxa5 19. Qa4 $11) 19. b4 f5 20. b5 Nxa5 21. bxa6 {[#]} b6 (21... Qxc3 $2 22. axb7 Nc6 23. Qb1 $18) 22. Qa4 (22. Qc2 $142) 22... Ka7 ({Avoid the trap} 22... Qxc3 $2 23. Reb1 $18) 23. Reb1 Bg5 {Hoping for ...Bxh4.} 24. Ng2 h4 (24... Qxc3 25. Rxb6 Kxb6 26. Ra3 $16 (26. Qb5+ Ka7 $17)) 25. f4 $2 (25. Qc2 Nc6 26. Ra2) 25... hxg3 26. fxg5 gxh2+ 27. Nxh2 Bxg2 28. Kxg2 Rxg5+ 29. Ng4 Rdg8 30. Kf2 Rxg4 31. Ke1 {White got outplayed after the opening.  Weighted Error Value: White=0.82/Black=0.07} 0-1

[Event "European Online Club-ch-B 2021"]
[Site "Online"]
[Date "2021.03.27"]
[Round "4.15"]
[White "Sasikiran, Krishnan"]
[Black "Matnadze, Ana"]
[Result "1-0"]
[WhiteElo "2647"]
[BlackElo "2421"]
[Annotator "ChessBase"]
[PlyCount "83"]
[EventDate "2021.03.27"]
[EventType "team-tourn"]
[EventCountry "NET"]
[SourceTitle "playchess.com"]
[Source "ChessBase"]
[SourceQuality "1"]
[TimeControl "900+5"]

1. e4 {[%emt 0:00:00]} c6 {[%emt 0:00:08]} 2. d4 {[%emt 0:00:03]} d5 {[%emt 0:00:03]} 3. e5 {[%emt 0:00:02]} a6 {[%emt 0:00:03]} 4. Nd2 {[%emt 0:00:43]} c5 {[%emt 0:00:13]} 5. dxc5 {[%emt 0:00:32]} Qc7 {[%emt 0:00:54]} 6. Ngf3 {[%emt 0:01:08]} Bg4 {[%emt 0:00:11]} 7. c4 {[%emt 0:02:06]} e6 {[%emt 0:03:32]} 8. b4 {[%emt 0:02:43]} Nc6 {[%emt 0:00:26]} 9. Bb2 {[%emt 0:03:32]} Bxf3 {[%emt 0:03:24]} 10. Nxf3 {[%emt 0:02:02]} Nxb4 {[%emt 0:00:07]} 11. Qa4+ {[%emt 0:01:12]} Nc6 {[%emt 0:00:05]} 12. cxd5 {[%emt 0:00:04]} exd5 {[%emt 0:00:04]} 13. Bb5 {[%emt 0:00:06]} Bxc5 {[%emt 0:00:33]} 14. Rc1 {[%emt 0:00:46]} Qb6 {[%emt 0:00:34]} 15. Bxc6+ {[%emt 0:00:20]} bxc6 {[%emt 0:00:04]} 16. O-O {[%emt 0:00:09]} Ne7 {[%emt 0:00:22]} 17. Qc2 {[%emt 0:00:20]} Bb4 {[%emt 0:00:39]} 18. a3 {[%emt 0:00:12]} Ba5 {[%emt 0:00:17]} 19. Bd4 {[%emt 0:00:21]} Qd8 {[%emt 0:00:15]} 20. Bc5 {[%emt 0:00:07]} O-O {[%emt 0:00:50]} 21. Ng5 {[%emt 0:00:02]} Ng6 {[%emt 0:00:11]} 22. Bxf8 {[%emt 0:00:08]} Qxg5 {[%emt 0:00:24]} 23. Bd6 {[%emt 0:00:03]} Nf4 {[%emt 0:01:19]} 24. g3 {[%emt 0:00:02]} Rc8 {[%emt 0:00:55]} 25. Kh1 {[%emt 0:00:03]} Ne6 {[%emt 0:00:11]} 26. Qa4 {[%emt 0:00:06]} Bd2 {[%emt 0:00:35]} 27. Rxc6 {[%emt 0:00:04]} Rd8 {[%emt 0:00:04]} 28. Rxa6 {[%emt 0:00:05]} h5 {[%emt 0:00:12]} 29. Ra8 {[%emt 0:00:05]} d4 {[%emt 0:00:20]} 30. Qc6 {[%emt 0:00:07]} Rxa8 {[%emt 0:00:08]} 31. Qxa8+ {[%emt 0:00:02]} Kh7 {[%emt 0:00:00]} 32. Qe4+ {[%emt 0:00:03]} g6 {[%emt 0:00:03]} 33. Rd1 {[%emt 0:00:02]} Ba5 {[%emt 0:00:03]} 34. Qf3 {[%emt 0:00:03]} Kg7 {[%emt 0:00:06]} 35. h4 {[%emt 0:00:11]} Qd8 {[%emt 0:00:03]} 36. Rb1 {[%emt 0:00:02]} Qd7 {[%emt 0:00:11]} 37. Rb7 {[%emt 0:00:03]} Qe8 {[%emt 0:00:05]} 38. Kh2 {[%emt 0:00:03]} Bd8 {[%emt 0:00:04]} 39. Rb8 {[%emt 0:00:04]} Qd7 {[%emt 0:00:04]} 40. a4 {[%emt 0:00:04]} Qa7 {[%emt 0:00:14]} 41. Rb7 {[%emt 0:00:02]} Qxa4 {[%emt 0:00:19]} 42. Qxf7+ {[%emt 0:00:03]} 1-0

[Event "European Online Club-ch-B 2021"]
[Site "Online"]
[Date "2021.03.27"]
[Round "4.16"]
[White "De Rover, Yong Hoon"]
[Black "Ragger, Markus"]
[Result "0-1"]
[WhiteElo "2349"]
[BlackElo "2680"]
[Annotator "TA"]
[PlyCount "74"]
[EventDate "2021.03.27"]
[EventType "team-tourn"]
[EventCountry "NET"]
[SourceTitle "playchess.com"]
[Source "ChessBase"]
[SourceQuality "1"]

{[%evp 27,74,0,15,5,8,-5,10,0,0,-7,-5,-31,-22,-37,-29,-34,-29,-35,-33,-72,-73,-88,-88,-88,-88,-88,-97,-168,-157,-160,-88,-88,-88,-88,-87,-131,-131,-173,-124,-286,-286,-286,-286,-992,-1014,-1581,-833,-1539,-1374]} 1. Nf3 Nf6 2. c4 c5 3. Nc3 d5 4. cxd5 Nxd5 5. g3 Nc6 6. Bg2 g6 7. O-O Bg7 8. Nxd5 Qxd5 9. d3 O-O 10. Be3 Bd7 11. Nd4 Qd6 12. Nxc6 Bxc6 13. Bxc6 Qxc6 14. Rc1 Qe6 15. Bxc5 {A38: Symmetrical English vs ...g6: 4 Bg2 Bg7 5 Nf3 Nf6.} Bxb2 16. Rb1 Bg7 {[#]} 17. Qd2 $146 {The position is equal.} ({Avoid the trap} 17. Rxb7 $2 Qc6 $19) ({Predecessor:} 17. d4 Qd5 18. Re1 b6 19. Bxe7 Rfe8 20. e4 Qxd4 21. Qxd4 Bxd4 22. Ba3 Rac8 23. Bb2 {½-½ (48) Bakre,T (2462)-Stany,G (2421) Bhubaneswar 2016}) 17... Rfc8 18. Rfc1 b6 19. Ba3 Bf6 20. Rxc8+ Rxc8 21. Rc1 Rxc1+ 22. Bxc1 h5 23. h4 a5 24. e3 Qg4 25. Kh2 Qa4 26. d4 b5 27. Kg2 (27. a3 $17) 27... Qc4 $19 28. a3 b4 (28... a4 $142 29. Bb2 e6) 29. axb4 $17 axb4 {[%cal Ba5b4,Bb4b3][%mdl 32]} 30. Bb2 e6 31. e4 Bg7 32. f3 Bf8 33. d5 $2 {[#] Now White is beyond hope.} (33. Kf2 $17 {was worth a try.}) 33... exd5 $19 34. exd5 b3 35. Kh3 $2 (35. Qd1) 35... Qf1+ {Black is clearly winning.} 36. Qg2 Qxg2+ 37. Kxg2 Bg7 {Weighted Error Value: White=0.67/Black=0.06} 0-1

[Event "European Online Club-ch-B 2021"]
[Site "Online"]
[Date "2021.03.27"]
[Round "4.17"]
[White "Grandelius, Nils"]
[Black "Edouard, Romain"]
[Result "1-0"]
[WhiteElo "2663"]
[BlackElo "2614"]
[Annotator "TA"]
[PlyCount "73"]
[EventDate "2021.03.27"]
[EventType "team-tourn"]
[EventCountry "NET"]
[SourceTitle "playchess.com"]
[Source "ChessBase"]
[SourceQuality "1"]

{[%evp 14,73,32,29,20,36,37,0,8,6,14,4,18,13,30,21,27,27,62,29,121,104,114,122,113,126,118,29,200,190,222,200,217,90,83,86,294,295,270,273,321,302,314,318,782,766,2178,2178,2170,2170,2163,2163,2161,2160,2123,2123,1914,1883,2112,1615,1534,1514]} 1. e4 e6 2. d4 d5 3. e5 c5 4. c3 Nc6 5. Nf3 Bd7 6. Be2 Qc7 7. O-O f6 8. Bf4 Nge7 $1 {C02: French: Advance Variation.} 9. Na3 $1 {[%mdl 4] aiming for Nb5. is currently scoring better than 9.Bg3.} a6 {[#]} 10. Qd2 $146 (10. dxc5 fxe5 11. Bg3 Nf5 $17) ({Predecessor:} 10. Re1 Ng6 11. Bg3 fxe5 12. Nxe5 Ncxe5 13. Bh5 Bd6 14. Bxe5 O-O 15. Bxg6 hxg6 16. Nc2 {1-0 (45) Zhigalko,S (2572)-Wieczorek,O (2498) Chess.com INT 2020}) 10... Ng6 $1 {The position is equal.} 11. Bg3 fxe5 12. Nxe5 Ngxe5 13. dxe5 c4 14. Nc2 $36 {[%mdl 2048] White fights for an advantage.} Bc5 15. b3 b5 16. Ne3 {And now Nxd5! would win.} d4 (16... Ne7 $11) 17. cxd4 $16 c3 18. Qd3 (18. Qxc3 Bxd4 19. Qd2 Bxa1 $14) 18... Nxd4 19. Bh5+ $1 g6 {[#]} 20. Nd5 $1 {[%mdl 512]} exd5 $2 {[#]} (20... Qa7 $1 $11 21. Nf6+ Ke7) 21. e6 $1 $18 {[%mdl 64] Discovered Attack} Qc6 (21... Qb6 22. exd7+) 22. exd7+ Qxd7 {[#]} 23. Rfe1+ (23. Qxc3 $6 O-O $16) (23. b4 $1 $18 {[%cal Rb4c5] has better winning chances.} Ba7 (23... Qf5 24. Qe3+) 24. Bxg6+ Kf8 {[#]} 25. Be5 $1) 23... Kf7 $16 {[#]} 24. Be5 $1 {[%mdl 64] Double Attack} Nf5 (24... gxh5 $16 25. Bxd4 Bxd4 26. Qxd4 Rhe8) 25. Bxh8 $18 ({Not} 25. Qxc3 Rhc8 $11) 25... Rxh8 26. Bg4 {Strongly threatening Re5.} ({Avoid the trap} 26. Qxc3 $2 Bd4 $19) 26... h5 27. Bh3 {Hoping for Re5.} ({But not} 27. Qxc3 Rc8 $18) 27... d4 28. Re5 {[%cal Rh3f5]} Qd6 $2 (28... Be7 29. Bxf5 gxf5 30. Rxf5+ Bf6) 29. Rae1 {White is clearly winning.} Ng7 30. Be6+ {[%mdl 64] Decoy} Nxe6 31. Rxe6 Qxe6 32. Rxe6 Kxe6 33. Qxg6+ {KQ-KRB} Kd5 34. Qf5+ Kc6 35. Qf6+ {[%mdl 64] Double Attack} Kb7 36. Qxh8 c2 37. Qh7+ {[%mdl 64] Double Attack.  Weighted Error Value: White=0.15/Black=0.54} 1-0